000 00497nam a2200181Ia 4500
001 13297
005 20260306164750.0
008 260306t2011||||xx |||||||||||||| ||spa||
041 _aESP
082 _a001.42
_bM36
100 _aMedina García, Victor Hugo
_eAUT
245 0 _aInvestigación en ingeniería:
_bciencia y tecnología de la información y del conocimiento
260 _c2011
300 _a357 páginas :
_c23 cm.
650 _aGEN
654 _aCHU
942 _cLIB
_dJUS
_fJUS
_2ddc
_n
999 _c13297
_d13297